[Event "Championship Moscow 2019"]
[Site "Ìîñêâà, ÐÃÑÓ, óë.Ò]
[Date "2019.04.06"]
[Round "8.18"]
[White "Zvereva, Margarita"]
[Black "Soblirova, Sabina"]
[Result "0-1"]
[WhiteElo "1853"]
[BlackElo "1516"]
[PlyCount "70"]
[EventDate "2019.03.30"]

1. d4 Nf6 2. Nf3 c5 3. e3 g6 4. b3 cxd4 5. exd4 Bg7 6. Bb2 O-O 7. Be2 d5 8. O-O
Nc6 9. Nbd2 Bf5 10. a3 Rc8 11. Rc1 Bh6 12. b4 Ne4 13. Ra1 Qc7 14. Nxe4 Bxe4 15.
Bd3 Rfd8 16. Re1 Bxd3 17. Qxd3 Qd7 18. c3 a6 19. a4 Qd6 20. b5 Na5 21. Ba3 Qc7
22. Bxe7 Re8 23. Bb4 Nc4 24. bxa6 bxa6 25. g3 a5 26. Bc5 Qc6 27. Reb1 Rb8 28.
Qc2 Qf6 29. Kg2 Rbc8 30. Rb7 Re3 31. Ne1 Rce8 32. Kf1 Bf8 33. Nd3 Qf3 34. Kg1
Rxd3 35. Bxf8 Re2 0-1

[Event "Championship Moscow 2019"]
[Site "Ìîñêâà, ÐÃÑÓ, óë.Ò]
[Date "2019.04.06"]
[Round "8.19"]
[White "Petrova, Elizaveta"]
[Black "Zakharova, Anna"]
[Result "0-1"]
[WhiteElo "1403"]
[BlackElo "1820"]
[PlyCount "86"]
[EventDate "2019.03.30"]

1. d4 d5 2. c4 e6 3. Nf3 c6 4. Nbd2 Nf6 5. g3 dxc4 6. Nxc4 b5 7. Ncd2 Bb7 8.
Bg2 c5 9. dxc5 Bxc5 10. O-O Nbd7 11. Nb3 Be7 12. Nbd4 a6 13. a4 b4 14. h3 O-O
15. Ng5 Bxg2 16. Kxg2 Qb6 17. Ngf3 Rfd8 18. e3 Nc5 19. Qe2 Qb7 20. Kh2 Rac8 21.
Bd2 Nfe4 22. Rfd1 Bf6 23. Be1 e5 24. Nc2 b3 25. Na3 Nxa4 26. Rxd8+ Rxd8 27. Ng1
Nec5 28. Nc4 e4 29. f4 exf3 30. Nxf3 Nxb2 31. Nxb2 Bxb2 32. Rb1 Bf6 33. g4 Qe4
34. Ba5 Qxb1 35. Bxd8 Qc2 36. Nd2 Bxd8 37. Qg2 b2 38. Qd5 Ne6 39. Qb7 Qc7+ 40.
Qxc7 Bxc7+ 41. Kg2 a5 42. Kf2 a4 43. Ke2 a3 0-1

[Event "Championship Moscow 2019"]
[Site "Ìîñêâà, ÐÃÑÓ, óë.Ò]
[Date "2019.04.06"]
[Round "8.20"]
[White "Putinceva, Marina"]
[Black "Eremina, Viktoria"]
[Result "1-0"]
[WhiteElo "1519"]
[BlackElo "1456"]
[PlyCount "101"]
[EventDate "2019.03.30"]

1. e4 c6 2. Nf3 d5 3. exd5 cxd5 4. Ne5 Nc6 5. Bb5 Qc7 6. d4 a6 7. Nxc6 axb5 8.
Ne5 Nf6 9. Bf4 Qa5+ 10. c3 e6 11. a3 Be7 12. Nd2 Nd7 13. Qg4 Nxe5 14. Bxe5 Bf8
15. Qh5 Qd8 16. Nb3 h6 17. O-O Qg5 18. Qxg5 hxg5 19. f3 f6 20. Bg3 Kf7 21. Rfe1
b6 22. Nc1 b4 23. cxb4 Bxb4 24. Re2 Be7 25. Rc2 Bd7 26. Rc7 Ke8 27. Nb3 Bd8 28.
Rc3 Rc8 29. Rac1 Rxc3 30. Rxc3 b5 31. Bd6 Kf7 32. Nc5 Bc8 33. Rb3 e5 34. dxe5
fxe5 35. Bxe5 Re8 36. Bc3 Bb6 37. Rxb5 Ba7 38. Kf1 Bxc5 39. Rxc5 Ba6+ 40. Kf2
Re2+ 41. Kg3 Re7 42. Rxd5 g4 43. Kxg4 Bc8+ 44. Kg3 Re6 45. Rc5 Rg6+ 46. Kf2 Bd7
47. Ra5 Rd6 48. Ra7 Kg6 49. a4 Rd5 50. a5 Rd6 51. a6 1-0

[Event "Championship Moscow 2019"]
[Site "?"]
[Date "2019.04.07"]
[Round "9.1"]
[White "Zakhartsov, Vladimir"]
[Black "Popov, Ivan"]
[Result "1/2-1/2"]
[BlackElo "2608"]
[WhiteElo "2481"]
[LiveChessVersion "1.4.8"]

1. e4 {[%clk 1:26:22]} c6 {[%clk 1:30:03]} 2. d4 {[%clk 1:26:42]} d5
{[%clk 1:30:25]} 3. Nc3 {[%clk 1:27:06]} dxe4 {[%clk 1:30:43]} 4. Nxe4
{[%clk 1:27:30]} Bf5 {[%clk 1:30:51]} 5. Ng3 {[%clk 1:27:52]} Bg6
{[%clk 1:31:09]} 6. h4 {[%clk 1:28:01]} h6 {[%clk 1:31:30]} 7. Nf3
{[%clk 1:28:24]} e6 {[%clk 1:31:49]} 8. Ne5 {[%clk 1:26:57]} Bh7 {[%clk 1:32:08]}
9. Bd3 {[%clk 1:26:59]} Bxd3 {[%clk 1:32:26]} 10. Qxd3 {[%clk 1:27:22]} Nd7
{[%clk 1:32:43]} 11. f4 {[%clk 1:27:11]} Be7 {[%clk 1:32:46]} 12. Bd2
{[%clk 1:27:27]} Nxe5 {[%clk 1:32:45]} 13. fxe5 {[%clk 1:27:52]} Bxh4
{[%clk 1:33:00]} 14. O-O-O {[%clk 1:28:14]} Bxg3 {[%clk 1:33:06]} 15. Qxg3
{[%clk 1:28:35]} Ne7 {[%clk 1:33:19]} 16. Qxg7 {[%clk 1:28:35]} Rg8
{[%clk 1:33:40]} 17. Qh7 {[%clk 1:28:32]} Qd5 {[%clk 1:32:45]} 18. Kb1
{[%clk 1:27:03]} Rxg2 {[%clk 1:32:11]} 19. Qh8+ {[%clk 1:27:27]} Rg8
{[%clk 1:32:37]} 20. Qxh6 {[%clk 1:27:52]} Rg2 {[%clk 1:32:56]} 21. Qh8+
{[%clk 1:28:18]} Rg8 {[%clk 1:33:23]} 22. Qh6 {[%clk 1:28:41]} Rg2
{[%clk 1:33:48]} 23. Qh8+ {[%clk 1:29:07]} Rg8 {[%clk 1:34:15]} 1/2-1/2

[Event "Championship Moscow 2019"]
[Site "?"]
[Date "2019.04.07"]
[Round "9.6"]
[White "Yeritsyan, Aram"]
[Black "Kozionov, Kirill"]
[Result "0-1"]
[BlackElo "2426"]
[WhiteElo "2294"]
[LiveChessVersion "1.4.8"]

1. e4 {[%clk 1:31:00]} e5 {[%clk 1:29:05]} 2. Bc4 {[%clk 1:31:41]} Nc6
{[%clk 1:29:16]} 3. Nc3 {[%clk 1:32:07]} Nf6 {[%clk 1:29:31]} 4. d3
{[%clk 1:32:26]} Na5 {[%clk 1:29:40]} 5. Qf3 {[%clk 1:32:42]} d6 {[%clk 1:26:51]}
6. a4 {[%clk 1:29:08]} Nxc4 {[%clk 1:25:31]} 7. dxc4 {[%clk 1:29:33]} Be7
{[%clk 1:25:33]} 8. Nge2 {[%clk 1:29:55]} O-O {[%clk 1:24:07]} 9. O-O
{[%clk 1:29:42]} Bg4 {[%clk 0:55:42]} 10. Qd3 c6 11. Ng3 {[%clk 1:22:41]} Qa5
{[%clk 0:55:15]} 12. Bd2 {[%clk 1:17:56]} Qc7 {[%clk 0:52:09]} 13. Bg5
{[%clk 1:07:58]} Rad8 {[%clk 0:45:54]} 14. f4 {[%clk 0:57:57]} d5
{[%clk 0:37:11]} 15. cxd5 {[%clk 0:46:28]} cxd5 {[%clk 0:37:34]} 16. Bxf6
{[%clk 0:45:26]} dxe4 {[%clk 0:36:33]} 17. Qxe4 {[%clk 0:45:19]} Bxf6
{[%clk 0:35:10]} 18. f5 {[%clk 0:33:02]} Qb6+ {[%clk 0:32:56]} 19. Kh1
{[%clk 0:33:20]} Rd4 {[%clk 0:33:20]} 20. Qe3 {[%clk 0:28:16]} Qxb2
{[%clk 0:31:58]} 21. h3 {[%clk 0:24:21]} Qxc2 {[%clk 0:29:38]} 22. Rac1
{[%clk 0:21:33]} Rd3 {[%clk 0:22:34]} 23. Rxc2 {[%clk 0:13:05]} Rxe3
{[%clk 0:22:56]} 24. Nce4 {[%clk 0:12:57]} Bh4 {[%clk 0:22:02]} 25. Kh2
{[%clk 0:13:01]} Bh5 {[%clk 0:21:37]} 26. Rc4 {[%clk 0:09:53]} Bxg3+
{[%clk 0:09:15]} 27. Nxg3 {[%clk 0:10:20]} Rxg3 {[%clk 0:09:35]} 28. Kxg3
{[%clk 0:10:48]} Be2 {[%clk 0:10:00]} 29. Rfc1 {[%clk 0:11:17]} Bxc4
{[%clk 0:10:25]} 30. Rxc4 {[%clk 0:11:44]} Rb8 {[%clk 0:09:12]} 31. Rc7
{[%clk 0:10:31]} f6 {[%clk 0:08:56]} 32. a5 {[%clk 0:09:30]} a6 {[%clk 0:08:35]}
33. Kf3 {[%clk 0:09:40]} h6 {[%clk 0:07:10]} 34. Kg4 {[%clk 0:08:36]} Kh7
{[%clk 0:05:19]} 35. h4 {[%clk 0:08:04]} b6 {[%clk 0:04:37]} 36. axb6
{[%clk 0:07:58]} Rxb6 {[%clk 0:05:03]} 37. Kh5 {[%clk 0:06:45]} e4
{[%clk 0:04:28]} 38. Re7 {[%clk 0:01:21]} Rb5 {[%clk 0:04:41]} 39. Rxe4
{[%clk 0:01:46]} Rxf5+ {[%clk 0:05:03]} 40. Kg4 {[%clk 0:02:10]} Rb5
{[%clk 0:04:28]} 41. Re7 {[%clk 0:02:31]} h5+ {[%clk 0:04:14]} 42. Kf3
{[%clk 0:02:38]} Rb3+ {[%clk 0:04:14]} 43. Kf2 {[%clk 0:03:02]} Ra3
{[%clk 0:02:26]} 44. Ra7 {[%clk 0:03:26]} Kh6 {[%clk 0:02:34]} 45. g3
{[%clk 0:03:48]} a5 {[%clk 0:01:52]} 46. Ra6 {[%clk 0:04:04]} Kg6
{[%clk 0:02:04]} 47. Ra7 {[%clk 0:04:28]} Ra1 {[%clk 0:02:10]} 48. Kf3
{[%clk 0:04:52]} Ra2 {[%clk 0:02:06]} 49. Ke3 {[%clk 0:05:03]} a4
{[%clk 0:01:57]} 50. Kf3 {[%clk 0:05:29]} Ra1 {[%clk 0:02:05]} 51. Kg2
{[%clk 0:05:54]} a3 {[%clk 0:01:43]} 52. Kf3 {[%clk 0:06:19]} Ra2
{[%clk 0:01:37]} 53. Ke3 {[%clk 0:06:44]} Kf5 {[%clk 0:00:41]} 54. Rxg7
{[%clk 0:07:03]} Rb2 {[%clk 0:00:58]} 55. Kf3 {[%clk 0:06:16]} Rb3+
{[%clk 0:00:53]} 56. Kg2 {[%clk 0:05:52]} Ke4 {[%clk 0:00:52]} 57. g4
{[%clk 0:04:21]} Rb2+ {[%clk 0:00:58]} 58. Kg3 {[%clk 0:04:12]} Rb3+
{[%clk 0:01:23]} 59. Kg2 {[%clk 0:04:58]} hxg4 {[%clk 0:01:03]} 60. Rxg4+
{[%clk 0:05:22]} Kd3 {[%clk 0:01:09]} 61. h5 {[%clk 0:05:10]} a2 {[%clk 0:00:32]}
62. Ra4 {[%clk 0:05:26]} Rb2+ {[%clk 0:00:51]} 63. Kg3 {[%clk 0:05:53]} Kc2
{[%clk 0:01:03]} 64. Ra6 {[%clk 0:03:21]} Rb3+ {[%clk 0:00:55]} 65. Kg4
{[%clk 0:01:27]} Kb2 {[%clk 0:01:12]} 66. h6 {[%clk 0:01:19]} a1=Q
{[%clk 0:00:58]} 0-1

[Event "Championship Moscow 2019"]
[Site "?"]
[Date "2019.04.07"]
[Round "9.7"]
[White "Dragomarezkij, Evgeni"]
[Black "Smirnov, Timofey"]
[Result "0-1"]
[BlackElo "2318"]
[WhiteElo "2364"]
[LiveChessVersion "1.4.8"]

1. c4 {[%clk 1:07:29]} c6 {[%clk 1:30:54]} 2. Nf3 {[%clk 1:07:49]} d5
{[%clk 1:31:18]} 3. e3 {[%clk 1:07:55]} Bg4 {[%clk 1:31:40]} 4. Qb3
{[%clk 1:01:41]} Qc7 {[%clk 1:32:02]} 5. d4 {[%clk 1:00:45]} Bxf3
{[%clk 1:31:37]} 6. gxf3 {[%clk 1:01:06]} e6 {[%clk 1:31:53]} 7. Nd2
{[%clk 1:00:55]} Nf6 {[%clk 1:31:32]} 8. f4 {[%clk 0:58:41]} Nbd7
{[%clk 1:31:17]} 9. cxd5 {[%clk 0:56:03]} Nxd5 {[%clk 1:27:24]} 10. Bg2
{[%clk 0:55:38]} Be7 11. Ne4 {[%clk 0:53:51]} Qb6 {[%clk 1:19:28]} 12. Qa4
{[%clk 0:51:44]} Bb4+ {[%clk 1:15:59]} 13. Bd2 {[%clk 0:46:43]} Bxd2+
{[%clk 1:16:20]} 14. Nxd2 {[%clk 0:47:01]} O-O {[%clk 1:16:45]} 15. Rb1
{[%clk 0:40:28]} Rfd8 {[%clk 1:13:21]} 16. O-O {[%clk 0:39:16]} Rac8
{[%clk 1:09:31]} 17. Rfc1 {[%clk 0:38:54]} a6 {[%clk 1:04:58]} 18. b4
{[%clk 0:34:15]} Qc7 {[%clk 1:00:50]} 19. Qb3 {[%clk 0:30:42]} N7f6
{[%clk 1:00:02]} 20. a4 {[%clk 0:29:33]} Qe7 {[%clk 0:58:29]} 21. Nf3
{[%clk 0:25:37]} Ne4 {[%clk 0:57:38]} 22. Rb2 {[%clk 0:24:55]} Nd6
{[%clk 0:57:21]} 23. Bf1 {[%clk 0:23:46]} h6 {[%clk 0:54:26]} 24. Kh1
{[%clk 0:23:32]} Kh8 {[%clk 0:53:56]} 25. Bd3 {[%clk 0:23:18]} Rg8
{[%clk 0:52:11]} 26. Rg1 {[%clk 0:22:14]} Qc7 {[%clk 0:52:26]} 27. Ne5
{[%clk 0:20:54]} g6 {[%clk 0:49:32]} 28. Qc2 {[%clk 0:20:20]} Ne7
{[%clk 0:48:14]} 29. Qc5 {[%clk 0:19:15]} Rg7 {[%clk 0:46:48]} 30. b5
{[%clk 0:19:19]} b6 {[%clk 0:43:17]} 31. Qc2 {[%clk 0:17:30]} cxb5
{[%clk 0:42:15]} 32. Qxc7 {[%clk 0:17:50]} Rxc7 {[%clk 0:42:43]} 33. axb5
{[%clk 0:17:48]} a5 {[%clk 0:41:56]} 34. Nc6 {[%clk 0:13:56]} Nd5
{[%clk 0:40:59]} 35. Rb3 {[%clk 0:11:57]} Rg8 {[%clk 0:40:35]} 36. Kg2
{[%clk 0:12:17]} Nc8 {[%clk 0:32:02]} 37. Be4 {[%clk 0:11:29]} Nce7
{[%clk 0:32:29]} 38. Bxd5 {[%clk 0:09:09]} Nxd5 {[%clk 0:32:50]} 39. Rc1
{[%clk 0:06:54]} Rgc8 {[%clk 0:31:51]} 40. Rc4 {[%clk 0:06:52]} Kg7
{[%clk 0:30:48]} 41. Kf3 {[%clk 0:06:57]} f5 {[%clk 0:31:05]} 42. h4
{[%clk 0:06:57]} Kf6 {[%clk 0:30:05]} 43. e4 {[%clk 0:04:33]} fxe4+
{[%clk 0:29:11]} 44. Kxe4 {[%clk 0:05:02]} h5 {[%clk 0:29:19]} 45. Rc1
{[%clk 0:03:23]} Ne7 {[%clk 0:28:10]} 46. Rcb1 {[%clk 0:03:35]} Nf5
{[%clk 0:27:48]} 47. Rh1 {[%clk 0:03:53]} Nd6+ {[%clk 0:27:42]} 48. Kd3
{[%clk 0:04:21]} Nxb5 {[%clk 0:27:00]} 49. Rxb5 {[%clk 0:04:50]} Rxc6
{[%clk 0:27:28]} 50. Rhb1 {[%clk 0:05:18]} Rc2 {[%clk 0:26:13]} 51. d5
{[%clk 0:05:24]} R2c3+ {[%clk 0:23:36]} 52. Ke2 {[%clk 0:05:42]} Rc2+
{[%clk 0:18:56]} 53. Kf3 {[%clk 0:06:10]} R8c3+ {[%clk 0:19:17]} 54. Kg2
{[%clk 0:06:17]} exd5 {[%clk 0:19:09]} 55. Rxb6+ {[%clk 0:05:58]} Rc6
{[%clk 0:18:39]} 56. R1b5 {[%clk 0:05:55]} a4 {[%clk 0:15:56]} 57. Rxc6+
{[%clk 0:05:59]} Rxc6 {[%clk 0:16:23]} 58. Ra5 {[%clk 0:06:21]} Rc4
{[%clk 0:14:49]} 59. Kf3 {[%clk 0:04:48]} Ke6 {[%clk 0:14:37]} 60. Ke3
{[%clk 0:04:46]} Re4+ {[%clk 0:15:01]} 61. Kf3 {[%clk 0:05:11]} Rd4
{[%clk 0:13:23]} 62. Ke3 {[%clk 0:05:30]} Rb4 {[%clk 0:13:43]} 63. Ra8
{[%clk 0:05:17]} Kf5 {[%clk 0:08:31]} 64. Rf8+ {[%clk 0:05:28]} Kg4
{[%clk 0:08:59]} 65. f3+ {[%clk 0:05:26]} Kxh4 {[%clk 0:07:03]} 66. Rg8
{[%clk 0:05:28]} Rb6 {[%clk 0:05:47]} 67. f5 {[%clk 0:05:07]} Rb3+
{[%clk 0:04:49]} 68. Kf4 {[%clk 0:05:20]} g5+ {[%clk 0:04:43]} 69. Ke5
{[%clk 0:05:46]} Rxf3 {[%clk 0:05:06]} 70. Rd8 {[%clk 0:04:22]} g4
{[%clk 0:05:10]} 71. Rxd5 {[%clk 0:04:08]} g3 {[%clk 0:05:34]} 72. Kf4 0-1

[Event "Championship Moscow 2019"]
[Site "?"]
[Date "2019.04.07"]
[Round "9.8"]
[White "Gubajdullin, Alexei"]
[Black "Geivondian, Arman"]
[Result "1-0"]
[BlackElo "2374"]
[WhiteElo "2375"]
[LiveChessVersion "1.4.8"]

1. d4 {[%clk 1:30:30]} c5 {[%clk 1:13:19]} 2. c3 {[%clk 1:29:56]} cxd4
{[%clk 1:13:36]} 3. cxd4 {[%clk 1:30:24]} d5 {[%clk 1:13:59]} 4. Nc3
{[%clk 1:30:29]} e5 {[%clk 1:14:25]} 5. dxe5 {[%clk 1:22:56]} d4 {[%clk 1:14:53]}
6. Ne4 {[%clk 1:23:05]} Nc6 {[%clk 1:15:21]} 7. Nd6+ {[%clk 1:20:10]} Bxd6
{[%clk 1:15:39]} 8. exd6 {[%clk 1:20:39]} Qxd6 {[%clk 1:14:08]} 9. e4 f5
{[%clk 1:07:20]} 10. Qh5+ {[%clk 0:49:38]} g6 {[%clk 1:02:22]} 11. Qe2
{[%clk 0:50:00]} Nf6 {[%clk 1:00:07]} 12. e5 {[%clk 0:48:17]} Qxe5
{[%clk 0:57:34]} 13. Qxe5+ {[%clk 0:48:33]} Nxe5 {[%clk 0:58:02]} 14. Bf4
{[%clk 0:48:44]} Nc6 {[%clk 0:56:31]} 15. Bc4 {[%clk 0:46:23]} Ne4
{[%clk 0:39:43]} 16. Nf3 {[%clk 0:32:49]} Ke7 {[%clk 0:36:24]} 17. Rd1
{[%clk 0:23:03]} Rd8 {[%clk 0:20:58]} 18. Ng5 {[%clk 0:22:00]} h6
{[%clk 0:19:47]} 19. Nxe4 {[%clk 0:18:08]} fxe4 {[%clk 0:20:16]} 20. Bxh6
{[%clk 0:18:36]} Bg4 {[%clk 0:20:26]} 21. Bg5+ {[%clk 0:18:18]} Kd6
{[%clk 0:20:31]} 22. Rd2 {[%clk 0:16:52]} Rf8 {[%clk 0:18:06]} 23. O-O
{[%clk 0:14:30]} Rf5 {[%clk 0:14:14]} 24. Bh4 {[%clk 0:14:49]} Rc5
{[%clk 0:14:09]} 25. Bf7 {[%clk 0:13:08]} Bf5 {[%clk 0:07:38]} 26. b4
{[%clk 0:13:13]} Rb5 {[%clk 0:07:34]} 27. a3 {[%clk 0:13:42]} d3 {[%clk 0:06:08]}
28. Bg3+ {[%clk 0:11:47]} Kd7 {[%clk 0:06:37]} 29. Re1 {[%clk 0:09:40]} Nd4
{[%clk 0:02:19]} 30. Bc4 {[%clk 0:10:00]} Rb6 {[%clk 0:02:41]} 31. f3
{[%clk 0:10:07]} Rc8 {[%clk 0:00:36]} 32. fxe4 {[%clk 0:09:46]} Rxc4
{[%clk 0:01:04]} 33. exf5 {[%clk 0:06:48]} Nxf5 {[%clk 0:01:27]} 34. Rxd3+
{[%clk 0:07:11]} Kc6 {[%clk 0:01:09]} 35. Re6+ {[%clk 0:01:36]} Kb5
{[%clk 0:01:38]} 36. Re5+ {[%clk 0:01:43]} Kc6 {[%clk 0:02:08]} 37. Re6+
{[%clk 0:01:25]} Kb5 {[%clk 0:02:37]} 38. Re5+ {[%clk 0:01:51]} Kc6
{[%clk 0:03:02]} 39. b5+ {[%clk 0:00:58]} Rxb5 {[%clk 0:03:01]} 40. Re6+
{[%clk 0:01:16]} Kc5 {[%clk 0:03:27]} 41. Bf2+ {[%clk 0:01:39]} Nd4
{[%clk 0:03:36]} 42. h4 {[%clk 0:00:59]} g5 {[%clk 0:00:55]} 43. hxg5
{[%clk 0:00:49]} Kd5 {[%clk 0:01:05]} 44. Re8 {[%clk 0:01:00]} Rb1+
{[%clk 0:00:46]} 45. Kh2 {[%clk 0:01:15]} Rb5 {[%clk 0:00:48]} 46. g6
{[%clk 0:01:04]} Rb6 {[%clk 0:01:10]} 47. Rd8+ {[%clk 0:01:09]} Ke4
{[%clk 0:01:04]} 48. R8xd4+ {[%clk 0:01:29]} Kd5 {[%clk 0:00:51]} 1-0

[Event "Championship Moscow 2019"]
[Site "?"]
[Date "2019.04.07"]
[Round "9.9"]
[White "Savenkov, Konstantin"]
[Black "Tunik, Sergey"]
[Result "1-0"]
[BlackElo "2167"]
[WhiteElo "2405"]
[LiveChessVersion "1.4.8"]

1. e4 {[%clk 1:16:52]} e6 {[%clk 1:30:54]} 2. d3 {[%clk 1:16:45]} d5
{[%clk 1:31:15]} 3. Nd2 {[%clk 1:17:11]} c5 {[%clk 1:31:22]} 4. g3
{[%clk 1:17:04]} Nc6 {[%clk 1:31:36]} 5. Bg2 {[%clk 1:17:13]} g6 {[%clk 1:30:19]}
6. Ne2 {[%clk 1:11:52]} Bg7 {[%clk 1:30:28]} 7. O-O {[%clk 1:09:50]} Nf6
{[%clk 1:26:27]} 8. exd5 {[%clk 1:07:12]} exd5 {[%clk 1:21:41]} 9. Nb3
{[%clk 1:06:18]} b6 10. c4 {[%clk 1:02:41]} Bb7 {[%clk 1:07:57]} 11. Nc3
{[%clk 0:54:07]} d4 {[%clk 1:03:13]} 12. Re1+ {[%clk 0:54:15]} Kf8
{[%clk 1:03:32]} 13. Nd5 {[%clk 0:53:45]} Qd7 {[%clk 0:51:06]} 14. Bf4
{[%clk 0:48:27]} Nxd5 {[%clk 0:41:00]} 15. Bxd5 {[%clk 0:47:17]} h6
{[%clk 0:35:31]} 16. Qf3 {[%clk 0:44:50]} Kg8 {[%clk 0:31:02]} 17. h4
{[%clk 0:40:03]} Kh7 {[%clk 0:29:40]} 18. Nd2 {[%clk 0:40:21]} Rhe8
{[%clk 0:20:20]} 19. Ne4 {[%clk 0:39:40]} Nd8 {[%clk 0:08:55]} 20. Nd6
{[%clk 0:21:28]} Rxe1+ {[%clk 0:08:59]} 21. Rxe1 {[%clk 0:21:55]} Bxd5
{[%clk 0:05:29]} 22. cxd5 {[%clk 0:19:13]} Nb7 {[%clk 0:05:29]} 23. Nc4
{[%clk 0:18:22]} b5 {[%clk 0:02:20]} 24. Ne5 {[%clk 0:15:43]} Bxe5
{[%clk 0:02:40]} 25. Bxe5 {[%clk 0:16:00]} Qf5 {[%clk 0:03:03]} 26. Qxf5
{[%clk 0:15:05]} gxf5 {[%clk 0:03:29]} 27. Bc7 {[%clk 0:15:18]} Kg7
{[%clk 0:02:01]} 28. d6 {[%clk 0:09:23]} Kf8 {[%clk 0:02:15]} 29. d7
{[%clk 0:09:06]} c4 {[%clk 0:02:41]} 30. dxc4 {[%clk 0:09:14]} bxc4
{[%clk 0:03:06]} 31. Re5 {[%clk 0:08:53]} c3 {[%clk 0:03:14]} 32. bxc3
{[%clk 0:08:12]} dxc3 {[%clk 0:03:40]} 33. Re3 {[%clk 0:07:18]} c2
{[%clk 0:03:16]} 34. Rc3 {[%clk 0:07:43]} Ke7 {[%clk 0:03:10]} 35. Rxc2
{[%clk 0:08:09]} Kxd7 {[%clk 0:03:25]} 36. Bf4 {[%clk 0:08:36]} Na5
{[%clk 0:02:07]} 37. Rc7+ {[%clk 0:08:50]} Ke6 {[%clk 0:02:22]} 38. Bd2
{[%clk 0:09:06]} Kd5 1-0

[Event "Championship Moscow 2019"]
[Site "?"]
[Date "2019.04.07"]
[Round "9.10"]
[White "Tsoi, Dmitry"]
[Black "Spichkin, Alexander"]
[Result "0-1"]
[BlackElo "2197"]
[WhiteElo "2347"]
[LiveChessVersion "1.4.8"]

1. f4 {[%clk 1:28:36]} Nh6 {[%clk 1:30:46]} 2. Nf3 {[%clk 1:29:00]} e6
{[%clk 1:31:10]} 3. g3 {[%clk 1:29:20]} b6 {[%clk 1:31:13]} 4. Bg2
{[%clk 1:29:45]} Bb7 {[%clk 1:31:39]} 5. O-O {[%clk 1:30:03]} Nf5
{[%clk 1:31:54]} 6. Qe1 {[%clk 1:29:55]} d5 {[%clk 1:32:10]} 7. d3
{[%clk 1:30:19]} Bc5+ {[%clk 1:32:12]} 8. e3 {[%clk 1:30:39]} a5 {[%clk 1:32:02]}
9. g4 {[%clk 1:30:19]} Ne7 {[%clk 1:31:54]} 10. a3 {[%clk 1:29:35]} h5
{[%clk 1:31:41]} 11. h3 {[%clk 1:28:54]} hxg4 {[%clk 1:31:57]} 12. hxg4
{[%clk 1:29:18]} Ng6 {[%clk 1:32:09]} 13. Qg3 {[%clk 1:27:27]} Nh4
{[%clk 1:31:22]} 14. b3 {[%clk 1:23:29]} Nd7 {[%clk 1:30:52]} 15. Ra2
{[%clk 1:18:03]} Qe7 {[%clk 1:28:29]} 16. c3 {[%clk 1:18:18]} Nxf3+
{[%clk 1:26:37]} 17. Bxf3 {[%clk 1:17:47]} g5 18. d4 {[%clk 0:58:20]} Bd6
{[%clk 1:25:25]} 19. c4 {[%clk 0:56:31]} f5 {[%clk 1:20:57]} 20. cxd5
{[%clk 0:48:58]} fxg4 {[%clk 1:19:11]} 21. Qxg4 {[%clk 0:47:08]} Bxd5
{[%clk 1:15:10]} 22. fxg5 {[%clk 0:38:26]} O-O-O {[%clk 1:14:59]} 23. Nc3
{[%clk 0:28:22]} Bxf3 {[%clk 1:09:13]} 24. Qxf3 {[%clk 0:21:11]} Qxg5+
{[%clk 1:04:14]} 25. Rg2 {[%clk 0:11:01]} Qh4 {[%clk 1:03:46]} 26. Qa8+
{[%clk 0:10:11]} Nb8 {[%clk 1:04:10]} 27. Qe4 {[%clk 0:10:20]} Qh1+
{[%clk 1:02:32]} 0-1

[Event "Championship Moscow 2019"]
[Site "?"]
[Date "2019.04.07"]
[Round "9.11"]
[White "Makarian, Rudik"]
[Black "Yarygin, Maksim"]
[Result "1-0"]
[BlackElo "2052"]
[WhiteElo "2364"]
[LiveChessVersion "1.4.8"]

1. Nf3 {[%clk 1:04:12]} g6 {[%clk 1:30:08]} 2. c4 {[%clk 1:04:29]} c5
{[%clk 1:30:26]} 3. Nc3 {[%clk 1:04:54]} Bg7 {[%clk 1:30:54]} 4. g3
{[%clk 1:05:14]} Nc6 {[%clk 1:31:18]} 5. Bg2 {[%clk 1:05:38]} e5 {[%clk 1:30:49]}
6. d3 {[%clk 1:05:54]} Nge7 {[%clk 1:31:12]} 7. Rb1 {[%clk 1:06:14]} O-O
{[%clk 1:31:27]} 8. O-O {[%clk 1:06:37]} d6 {[%clk 1:28:17]} 9. a3
{[%clk 1:06:43]} a5 {[%clk 1:28:08]} 10. Ne1 {[%clk 1:07:04]} Be6
{[%clk 1:28:20]} 11. Nc2 {[%clk 1:07:11]} d5 {[%clk 1:27:59]} 12. cxd5
{[%clk 1:06:25]} Nxd5 {[%clk 1:28:23]} 13. Ne4 {[%clk 1:05:07]} Qe7
{[%clk 1:22:12]} 14. Ne3 {[%clk 1:05:03]} Rfd8 15. Nxd5 {[%clk 1:04:58]} Bxd5
{[%clk 1:17:55]} 16. Bg5 f6 {[%clk 1:17:55]} 17. Be3 {[%clk 1:04:54]} Nd4 18.
Bxd4 {[%clk 1:04:45]} cxd4 {[%clk 1:08:28]} 19. Nd2 {[%clk 1:04:49]} Bf7
{[%clk 1:08:04]} 20. Qa4 {[%clk 1:01:35]} Qd7 {[%clk 1:05:45]} 21. Qxd7
{[%clk 1:01:32]} Rxd7 {[%clk 1:04:59]} 22. Rfc1 {[%clk 0:57:46]} Bh6
{[%clk 1:04:48]} 23. Ne4 {[%clk 0:58:10]} Kg7 {[%clk 1:03:08]} 24. Nc5
{[%clk 0:57:28]} Re7 {[%clk 0:59:31]} 25. Rd1 {[%clk 0:56:46]} Ra7
{[%clk 0:54:25]} 26. b4 {[%clk 0:56:58]} b6 {[%clk 0:52:02]} 27. Ne4
{[%clk 0:57:07]} a4 {[%clk 0:49:22]} 28. Nd6 {[%clk 0:56:16]} Bb3
{[%clk 0:48:37]} 29. Nc8 {[%clk 0:54:26]} Bxd1 {[%clk 0:46:48]} 30. Rxd1
{[%clk 0:54:46]} Rac7 {[%clk 0:41:41]} 31. Nxe7 {[%clk 0:51:23]} Rxe7
{[%clk 0:42:07]} 32. Bc6 {[%clk 0:47:10]} Rc7 {[%clk 0:42:23]} 33. b5
{[%clk 0:46:30]} Kh8 {[%clk 0:42:27]} 34. Kg2 {[%clk 0:46:21]} Bf8
{[%clk 0:42:45]} 35. Rc1 {[%clk 0:45:35]} Ra7 {[%clk 0:42:45]} 36. Ra1
{[%clk 0:41:32]} Bc5 {[%clk 0:38:49]} 37. Kf3 {[%clk 0:41:55]} Kg7
{[%clk 0:39:16]} 38. Ke4 {[%clk 0:42:18]} Kf7 {[%clk 0:39:15]} 39. Kd5
{[%clk 0:42:07]} Kg7 {[%clk 0:38:20]} 40. h4 {[%clk 0:40:19]} Re7
{[%clk 0:37:41]} 41. Rc1 {[%clk 0:40:13]} e4 {[%clk 0:28:05]} 42. dxe4
{[%clk 0:35:19]} Re5+ {[%clk 0:27:31]} 43. Kc4 {[%clk 0:35:43]} Bxa3
{[%clk 0:27:42]} 44. Rb1 {[%clk 0:31:05]} Bc5 {[%clk 0:14:44]} 45. Ra1
{[%clk 0:26:10]} a3 {[%clk 0:14:22]} 46. f4 {[%clk 0:26:14]} Re7 {[%clk 0:14:48]}
47. Kb3 {[%clk 0:26:23]} h6 {[%clk 0:11:16]} 48. Bd5 {[%clk 0:22:07]} Bd6
{[%clk 0:07:02]} 49. Rc1 {[%clk 0:20:52]} Rc7 {[%clk 0:05:13]} 50. Rc6
{[%clk 0:16:48]} Rxc6 {[%clk 0:05:03]} 51. bxc6 {[%clk 0:17:16]} b5
{[%clk 0:05:15]} 52. g4 {[%clk 0:13:01]} g5 {[%clk 0:04:20]} 53. e5
{[%clk 0:13:22]} fxe5 {[%clk 0:04:47]} 54. fxg5 {[%clk 0:13:50]} hxg5
{[%clk 0:04:04]} 55. h5 {[%clk 0:14:19]} e4 {[%clk 0:02:12]} 56. Bxe4
{[%clk 0:14:40]} Kf8 {[%clk 0:02:28]} 57. Bd3 {[%clk 0:14:21]} b4
{[%clk 0:00:46]} 58. Bb1 {[%clk 0:14:37]} Ke7 {[%clk 0:01:08]} 59. Ba2 1-0